|
|
|
|
| LEADER |
00000ny a22000003n 4500 |
| 005 |
20110512115653.0 |
| 008 |
100311s19uu9999sp spa d |
| 022 |
|
|
|a 0214-9958
|
| 035 |
|
|
|a 3337
|
| 040 |
|
|
|a UCH.
|b spa.
|c SCB
|d vLex
|
| 080 |
|
|
|a 347.714(460)(05)
|
| 090 |
|
|
|c 1766
|d 1766
|
| 130 |
0 |
|
|a Boletn̕ Oficial del Registro Mercantil
|
| 245 |
1 |
0 |
|a Boletn̕ Oficial del Registro Mercantil
|h [Recurso electrn̤ico]
|
| 246 |
3 |
0 |
|a BORME
|
| 256 |
|
|
|a Servicio en ln̕ea
|
| 260 |
|
|
|a Madrid :
|b BOE
|
| 310 |
|
|
|a diaria
|
| 650 |
0 |
4 |
|a Registro mercantil
|z Espaą
|x Publicaciones perid̤icas
|
| 710 |
2 |
|
|a Boletn̕ Oficial del Estado (Espaą)
|
| 740 |
0 |
|
|a vLex Revista (Servicios en ln̕ea)
|
| 843 |
|
|
|a Electrn̤ica. Abierta
|
| 853 |
|
|
|8 1
|i (year)
|j (month)
|k (day)
|
| 856 |
4 |
|
|z Acceso restringido
|u http://vlex.com/account/login_ip?fuente_id=3337
|
| 942 |
|
|
|c REV
|
| 999 |
0 |
4 |
|a Derecho
|